000
00309nam a2200109Ia 4500
008
171211s9999 xx 000 0 und d
245
_a
Illumination and Decoration of Flat Surfaces
245
_c
Bob Cameron
260
_c
2009
650
_x
Architecture
856
_u
http://down.ebook777.com/060/0643094903.pdf
999
_c
350036
_d
350036